Score 0/16 Timer 02:00
0 Plays Today
Movie Missing Word % Correct
______ Fu PandaKung
98.5%
______ Bill: Volume 1Kill
97.9%
The ______ SpeechKing's
95.1%
______ & ScreamingKicking
92.7%
The ______ KidKarate
91.6%
______ vs. ______ Kramer
87.8%
______ CopKindergarten
81.8%
A ______ TaleKnight's
80.5%
Movie Missing Word % Correct
The ______ RunnerKite
80.1%
______ the GirlsKiss
79.2%
______ the FaithKeeping
77.5%
______ & Leopold Kate
74%
______ BootsKinky
59.4%
A ______ in King Arthur's CourtKid
48.6%
______ UpKnocked
48.3%
______ Jack Kangaroo
47.7%

Today's Daily Dose

Remove Ads.
Support Sporcle.
Get the best of Sporcle when you Go Orange. This ad-free experience offers more features, more stats, and more fun while also helping to support Sporcle. Thank you for becoming a member.

You're not logged in!

Compare scores with friends on all Sporcle quizzes.
OR
Log In

Show Comments

Extras

Top Quizzes Today


Score Distribution

Your Account Isn't Verified!

In order to create a playlist on Sporcle, you need to verify the email address you used during registration. Go to your Sporcle Settings to finish the process.

Report this User

Report this user for behavior that violates our Community Guidelines.

Details: